000 03111cam a22007215i 4500
001 22409819
003 OSt
005 20251202144250.0
008 220203m20219999caua d 6 000 c eng d
010 _a 2021286928
020 _a9781648275883
_q(volume 1 ;
_qpaperback)
020 _a9781648276217
_q(volume 2 ;
_qpaperback)
020 _a9781638583714
_q(volume 5 ;
_qpaperback)
020 _a9781638587897
_q(volume 6 ;
_qpaperback)
035 _a22409819
035 _a(OCoLC)1263349521
040 _aCPL
_beng
_cCPL
_erda
_dCPL
_dOCLCO
_dGK8
_dOCLCF
_dDLC
041 1 _aeng
_hjpn
042 _alccopycat
043 _aa-ja---
100 1 _aTakamatsu, Misaki,
_eauthor,
_eartist.
240 1 0 _aSukippu to rōfā.
_lEnglish
245 1 0 _aSkip and loafer /
_cstory & art by Misaki Takamatsu ; translation, Nicole Frasik ; adaptation, T. Campbell ; lettering, Vanessa Satone.
264 1 _a[Los Angeles, California] :
_bSeven Seas Entertainment,
_c[2021]-
300 _avolumes :
_billustrations ;
_c19 cm
336 _atext
_btxt
_2rdacontent
336 _astill image
_bsti
_2rdacontent
337 _aunmediated
_bn
_2rdamedia
338 _avolume
_bnc
_2rdacarrier
500 _aManga.
500 _aTranslation of: Sukippu to rōfā.
500 _aFirst published in Japan in 2019 by Kodansha Ltd., Tokyo.
500 _aManga format; reads from back to front, right to left.
520 _aCountry girl Mitsumi is bound for high school in Tokyo! She's got book smarts, but this small-town girl is about to find out she's massively unprepared for the social norms of big city high schoolers.
521 8 _aTeen (13+).
546 _aTranslated from the Japanese.
650 0 _aTeenage girls
_vComic books, strips, etc.
650 0 _aHigh school students
_vComic books, strips, etc.
650 0 _aCity and town life
_vComic books, strips, etc.
650 0 _aFriendship
_vComic books, strips, etc.
650 0 _aSelf-actualization (Psychology)
_vComic books, strips, etc.
650 7 _aCity and town life.
_2fast
_0(OCoLC)fst00862081
650 7 _aFriendship.
_2fast
_0(OCoLC)fst00935174
650 7 _aHigh school students.
_2fast
_0(OCoLC)fst00956174
650 7 _aSelf-actualization (Psychology)
_2fast
_0(OCoLC)fst01111481
650 7 _aTeenage girls.
_2fast
_0(OCoLC)fst01145412
651 0 _aTokyo (Japan)
_vComic books, strips, etc.
651 7 _aJapan
_zTokyo.
_2fast
_0(OCoLC)fst01204835
655 7 _aComics (Graphic works)
_2fast
_0(OCoLC)fst01921613
655 7 _aGraphic novels.
_2fast
_0(OCoLC)fst01726630
655 7 _aSchool comics.
_2fast
_0(OCoLC)fst02009177
655 7 _aSchool comics.
_2lcgft
655 7 _aGraphic novels.
_2lcgft
700 1 _aFrasik, Nicole,
_etranslator.
700 1 _aCampbell, T.,
_eauthor.
700 1 _aSatone, Vanessa,
_eletterer.
906 _a0
_bibc
_ccopycat
_d2
_encip
_f20
_gy-gencatlg
942 _2ddc
_cMGA
_n0
999 _c1439
_d1439